Intermediate grammar workbooks

Αποθηκεύτηκε σε:
Λεπτομέρειες βιβλιογραφικής εγγραφής
Κύριος συγγραφέας: Chalker, Sylvia
Μορφή: Βιβλίο
Γλώσσα:English
Δημοσίευση: England : Longman, 1987
Θέματα:
Ετικέτες: Προσθήκη ετικέτας
Δεν υπάρχουν, Καταχωρήστε ετικέτα πρώτοι!

MARC

LEADER 00000nam a2200000 i 4500
001 1/23614
008 960402s1987 eng d
020 |a 0-582-97604-9 
020 |a 0-582-97605-7 
035 |l 10022118 
040 |a GR-MY-UA  |b gre  |e aacr 
041 0 |a eng 
082 0 |a 428.24 
100 1 |a Chalker, Sylvia. 
245 1 0 |a Intermediate grammar workbooks /  |c Sylvia Chalker 
260 |a England :   |b Longman,   |c 1987 
500 |a Workbooks 2 & 3 
650 0 0 |a English language  |v Textbooks for foreign speakers. 
650 0 0 |a English language  |x Grammar  |v Problems, exercises, etc. 
852 |a INST  |b CHIOS  |e 19960712  |h 428.24 CHA  |p 005200002019  |q 005200002019  |t BK  |y 0  |z Book.1 
852 |a INST  |b CHIOS  |e 19960402  |h 428.24 CHA  |p 005200005076  |q 005200005076  |t BK  |y 0  |z Book.2 
852 |a INST  |b CHIOS  |e 19960402  |h 428.24 CHA  |p 005200005077  |q 005200005077  |t BK  |y 0  |z Book.3 
852 |a INST  |b CHIOS  |e 19960712  |h 428.24 CHA  |p 005200002019  |q 005200002019  |t BK  |v Book.1:  |y 0  |z Book.1 
852 |a INST  |b CHIOS  |e 19960402  |h 428.24 CHA  |p 005200005076  |q 005200005076  |t BK  |v Book.2:  |y 0  |z Book.2 
852 |a INST  |b CHIOS  |e 19960402  |h 428.24 CHA  |p 005200005077  |q 005200005077  |t BK  |v Book.3:  |y 0  |z Book.3 
853 |a INST  |b CHIOS  |h 428.24 CHA 
909 |a Χ  |b 015993 
909 |a Χ  |b 015994 
909 |a Χ  |b 015992